000
00304nam a2200121Ia 4500
008
190216s9999||||xx |||||||||||||| ||und||
100
_a
Publishers
245
0
_a
Kerala Through The Ages
260
_b
Department Of Cultural Publications
_c
1979
300
_a
131p
650
_a
Indian History
942
_c
BK
999
_c
19088
_d
19088